Historia del desarrollo de Barahona / (Registro nro. 7927)

Detalles MARC
000 -LIDER
fixed length control field 01940nam a2200313 a 4500
001 - NÚMERO DE CONTROL
Identificador de número de control 000022324
003 - IDENTIFICACDOR DE NÚMERO DE CONTROL
control field DO-SdBNP
005 - DATE AND TIME OF LATEST TRANSACTION
control field 20171023084046.0
007 - CAMPOS FIJOS DE DESCRIPCIÓN FÍSICA
fixed length control field 000022324
008 - ELEMENTOS DE LONGITUD FIJA
fixed length control field 100927s1997 dr ac 001 0 spa d
040 ## - FUENTE DE CATALOGACIÓN
Agencia que crea de manera original el registro BPMSU
Idioma de catalogación spa
Agencia que realiza la transcripción BPMSU
082 ## - NÚMERO DE CLASIFICACIÓN DECIMAL DE DEWEY
Classification number 972.9324
Item number L864h
100 1# - ASIENTO PRINCIPAL -- NOMBRE PERSONAL
Nombre personal López Reyes, Oscar
245 10 - MENCIÓN DE TITULO
Título Historia del desarrollo de Barahona /
Mención de responsabilidad Oscar López Reyes ; prólogo Wilson S. Gómez Ramírez.
246 14 - VARIACION DEL TÍTULO
Título propiamente dicho o título corto Historia del desarrollo de Barahona:
Subtítulo narración e interpretación
250 ## - MENCIÓN DE EDICION
Mención de edición 2a ed.
260 ## - PUBLICACIÓN, DISTRIBUCIÓN, ETC. (PIE DE IMPRENTA)
Lugar de publicación, distribución, etc Santo Domingo :
Nombre del editor, distribuidor, etc. Mediabyte,
Fecha de publicación, distribución, etc [199-?].
300 ## - DESCRIPCIÓN FÍSICA
Extensión xix, 455 p. :
Otros detalles físicos il. ;
Dimensiones 21 cm.
504 ## - NOTA DE BIBLIOGRAFÍA, ETC.
Bibliography, etc Bibliografía : p. 443-453
505 2# - NOTA DE CONTENIDO
Título Prólogo --
-- Introducción --
-- España en los siglos XV y XVII --
-- Rebelión de Roldán --
-- Alzamiento de Enriquillo --
-- Barahona : origen y fundación --
-- Ocupación haitiana e independencia nacional --
-- Anexión a España y restauración --
-- Etapa de gran desarrollo y confrontación --
-- Barahona adquiere categoría social --
-- Gobierno del padre Nouel en Barahona --
-- Invasión norteamericana --
-- El gobierno de Horacio Vásquez (1924-1930) --
-- La tiranía de Trujillo (1930-61) --
-- Período post-trujillista (1961-1964) --
-- La revolución del 24 abril -- Joaquín Balaguer : 12 años de despotismo ilustrado --
-- Apertura democrático-institucional (1978-1982) --
-- Panorama a finales del siglo XX --
-- Iglesia, política y comunicación --
-- Cultura, arte y literatura --
-- Deportes --
-- Composición geográfica --
-- Bibliografía general.
650 #4 - ENCABEZAMIENTO DE MATERIA--TEMÁTICO
Término temático o nombre geográfico como elemento de entrada CIUDADES Y PUEBLOS
Subdivisión geográfica REPÚBLICA DOMINICANA
651 #4 - ENCABEZAMIENTO DE MATERIA--NOMBRE GEOGRÁFICO
Nombre geográfico BARAHONA (REPÚBLICA DOMINICANA)
Subdivisión temática general HISTORIA LOCAL
651 #4 - ENCABEZAMIENTO DE MATERIA--NOMBRE GEOGRÁFICO
Nombre geográfico BARAHONA (REPÚBLICA DOMINICANA)
Subdivisión temática general VIDA SOCIAL Y COSTUMBRES
700 1# - ASIENTO SECUNDARIO -- NOMBRE PERSONAL
Nombre personal Gómez Ramírez, Wilson S.
910 ## - VALIDACIÓN
Validación Validado. Control de calidad BNPHU
942 ## - ADDED ENTRY ELEMENTS (KOHA)
Source of classification or shelving scheme Dewey Decimal Classification
Koha item type Libros
945 ## - INFORMACIÓN DE PROCESAMIENTO LOCAL
Información de procesamiento local Título remanejado para BNPHU / 2017 VM
956 ## - LOCAL ELECTRONIC LOCATION AND ACCESS (OCLC)
Nombre de host VMATEO
Número de acceso 10
Información de compresión 20150928
Inicio de sesión BPMSU
Procesador de solicitud 00151
Existencias
Withdrawn status Lost status Source of classification or shelving scheme Damaged status Not for loan Collection code Home library Current library Date acquired Total Checkouts Full call number Barcode Date last seen Price effective from Koha item type Copy number
    Dewey Decimal Classification       Biblioteca Pública Metropolitana Salomé Ureña Biblioteca Pública Metropolitana Salomé Ureña 06/23/2015   972.9324 L864h [199-?] BPMET15060121 06/23/2015 06/23/2015 Libros  
    Dewey Decimal Classification       Biblioteca Pública Metropolitana Salomé Ureña Biblioteca Pública Metropolitana Salomé Ureña 06/23/2015   972.9324 L864h [199-?] BPMET15060122 06/23/2015 06/23/2015 Libros e. 2